Religion Quiz

Random Religion or Bible Quiz

Which Word Wins? (Bible Edition) Quiz Stats

 Plays Quiz Updated Aug 18, 2014

Support Sporcle.
Go Orange.
Score 0/66 Timer 12:00
0 Plays Today
Word A) or B) % Correct
A) Alpha or B) Omega???
93.2%
A) Man or B) Woman???
83.3%
A) Holy or B) Ghost???
82.8%
A) Love or B) Hate???
82.5%
A) Adam or B) Eve???
82.1%
A) Jacob or B) Esau???
81.9%
A) Mount or B) Sinai???
80.5%
A) Blessed or B) Cursed???
79.7%
A) Sodom or B) Gomorrah???
77.3%
A) Angel or B) Devil???
75.4%
A) Miracle or B) Chance???
75.4%
A) Wrath or B) Fury???
74.6%
A) Good or B) Evil???
73.4%
A) Samson or B) Goliath???
71.3%
A) Jews or B) Egyptians???
70.8%
A) Wife or B) Sister???
70.7%
A) Cain or B) Abel???
70.4%
A) Alien or B) Dinosaur???
70.4%
A) God or B) Jesus???
69.3%
A) John or B) Elijah???
68.9%
A) Burning or B) Bush???
68.8%
A) Hallowed or B) Name???
68.1%
A) Cubits or B) Furlongs???
67.6%
A) Prince or B) King???
67.4%
A) Faith or B) Truth???
66.7%
A) Egypt or B) Pharaoh???
65.9%
A) Solomon or B) David???
65.4%
A) Church or B) Prayer???
64.8%
A) Sin or B) Repent???
64.4%
A) Moab or B) Jordan???
63.8%
A) Break or B) Bread???
62.4%
A) Thy or B) Thee???
61.8%
A) Parents or B) Children???
61.1%
Word A) or B) % Correct
A) Burn or B) Hell???
59.1%
A) Black or B) Sea???
58.9%
A) Baptized or B) Resurrection???
58.4%
A) Hope or B) Pray???
58.1%
A) Priest or B) Rabbi???
58.1%
A) Begat or B) Killed???
57.8%
A) Virgin or B) Mary???
57.4%
A) Suffer or B) Rejoice???
57.3%
A) Before or B) After???
57.1%
A) Wine or B) Water???
56.2%
A) Sheep or B) Lambs???
54.3%
A) Frogs or B) Locusts???
54.1%
A) Moses or B) Abraham???
52.8%
A) Ten or B) Commandments???
51.8%
A) Jerusalem or B) Israel???
51.3%
A) War or B) Peace???
48.5%
A) Spake or B) Saith???
46.8%
A) Bethlehem or B) Nazareth???
44.2%
A) Son or B) Father???
43.7%
A) Peter or B) Paul???
42.2%
A) Passover or B) Firstborn???
40.8%
A) Kingdom or B) Come???
39.9%
A) Judah or B) Joseph???
39.6%
A) Forgive or B) Sins???
38.5%
A) Apostle or B) Messenger???
37.5%
A) Save or B) Soul???
37.3%
A) Book or B) Psalm???
33.9%
A) Heaven or B) Earth???
28.8%
A) Beginning or B) End???
28.6%
A) Roman or B) Greek???
24.8%
A) Temptation or B) Trespass???
24.2%
A) Judas or B) Pilate???
22.3%
A) Noah or B) Ark???
21.1%

You're not logged in!

Compare scores with friends on all Sporcle quizzes.
OR
Log In

From the Vault

Opening Lyrics - Taylor Swift

by chasing_destiny

The name Taylor Swift kind of reminds us of a character in a Dickens novel. This probably means we're too old to be a fan.
Remove Ads.
Support Sporcle.
Get the best of Sporcle when you Go Orange. This ad-free experience offers more features, more stats, and more fun while also helping to support Sporcle. Thank you for becoming a member.

Show Comments

Extras

Top Quizzes Today


Score Distribution

Your Account Isn't Verified!

In order to create a playlist on Sporcle, you need to verify the email address you used during registration. Go to your Sporcle Settings to finish the process.

Report this User

Report this user for behavior that violates our Community Guidelines.

Details: